[Event "Gaia Profigaia op 8th"]
[Site "Vila Nova de Gaia"]
[Date "2015.07.03"]
[Round "9"]
[White "Castro, Joao Pedro Bastos"]
[Black "Alves, Antonio Ricardo Lou"]
[Result "1/2-1/2"]
[WhiteElo "1441"]
[BlackElo "1742"]
[PlyCount "77"]
[EventDate "2015.06.27"]
[EventType "swiss"]
[EventRounds "9"]
[EventCountry "POR"]
[SourceTitle "EXT 2018"]
[Source "ChessBase"]
[SourceDate "2017.10.13"]
[SourceVersion "1"]
[SourceVersionDate "2017.10.13"]
[SourceQuality "1"]

1. Nf3 f5 2. e4 d6 3. Nc3 Nc6 4. Bc4 h6 5. d3 e5 6. b3 f4 7. h3 Na5 8. Bxg8 Rxg8 9. d4 Nc6 10. dxe5 dxe5 11. Qxd8+ Kxd8 12. Bb2 Bd6 13. 0-0-0 Ke7 14. Nb5 a6 15. Nxd6 cxd6 16. Ba3 Rd8 17. Rd2 b5 18. Rhd1 b4 19. Bb2 Be6 20. Ne1 g5 21. f3 Rac8 22. Kb1 a5 23. Nd3 h5 24. Ne1 Rd7 25. Kc1 Rg8 26. Kb1 Rgd8 27. Nd3 Rg8 28. Ne1 g4 29. hxg4 hxg4 30. Kc1 Ra8 31. Kb1 Rb8 32. Nd3 Rh8 33. Ne1 Rdd8 34. Nd3 Rh7 35. Ne1 Rh1 36. Nd3 Rxd1+ 37. Rxd1 Rh8 38. Nxf4 gxf3 39. Ng6+ 1/2-1/2

[Event "Gaia Profigaia op 8th"]
[Site "Vila Nova de Gaia"]
[Date "2015.06.29"]
[Round "5"]
[White "Leao, Tiago Miguel da S"]
[Black "Alves, Antonio Ricardo Lou"]
[Result "1-0"]
[WhiteElo "1941"]
[BlackElo "1742"]
[PlyCount "105"]
[EventDate "2015.06.27"]
[EventType "swiss"]
[EventRounds "9"]
[EventCountry "POR"]
[SourceTitle "EXT 2018"]
[Source "ChessBase"]
[SourceDate "2017.10.13"]
[SourceVersion "1"]
[SourceVersionDate "2017.10.13"]
[SourceQuality "1"]

1. d4 e6 2. c4 f5 3. g3 Nf6 4. Bg2 Be7 5. Nc3 d6 6. Nf3 0-0 7. 0-0 Ne4 8. Qc2 Nxc3 9. Qxc3 Bf6 10. Qc2 Nd7 11. e4 fxe4 12. Qxe4 e5 13. dxe5 Nxe5 14. Nxe5 Bxe5 15. f4 Bf6 16. Qc2 Bd4+ 17. Kh1 Rb8 18. Be4 h6 19. Re1 Qf6 20. Rb1 Bf5 21. Bxf5 Qxf5 22. Qxf5 Rxf5 23. Re4 Bb6 24. g4 Rff8 25. Bd2 Kf7 26. Rbe1 Rfe8 27. Bc3 Rxe4 28. Rxe4 g6 29. Kg2 Re8 30. Rxe8 Kxe8 31. Bg7 h5 32. gxh5 gxh5 33. f5 Kf7 34. Bc3 Be3 35. Kf3 Bh6 36. Ke4 c6 37. b3 a6 38. a4 Bf8 39. Be1 Be7 40. Kf4 Bf6 41. h3 Be5+ 42. Kg5 d5 43. cxd5 cxd5 44. Kxh5 d4 45. Kg4 b5 46. axb5 axb5 47. Kf3 d3 48. Ke4 Bh2 49. Kxd3 Kf6 50. Ke4 Bg1 51. Bh4+ Kf7 52. Kd5 Ba7 53. Kc6 1-0

[Event "Gaia Profigaia op 7th"]
[Site "Vila Nova de Gaia"]
[Date "2014.07.04"]
[Round "9"]
[White "Alves, Antonio Ricardo Lou"]
[Black "Sa, Luis Afonso"]
[Result "1/2-1/2"]
[WhiteElo "1756"]
[BlackElo "1474"]
[PlyCount "163"]
[EventDate "2014.06.28"]
[EventType "swiss"]
[EventRounds "9"]
[EventCountry "POR"]
[SourceTitle "CBM 161 Extra"]
[Source "ChessBase"]
[SourceDate "2014.08.29"]
[SourceVersion "1"]
[SourceVersionDate "2014.08.29"]
[SourceQuality "1"]

1. Nf3 Nf6 2. g3 g6 3. Bg2 Bg7 4. 0-0 0-0 5. d3 d5 6. Nbd2 c6 7. c3 Nbd7 8. Re1 e5 9. Qc2 Nh5 10. e4 dxe4 11. dxe4 Nb6 12. Nf1 Qc7 13. Be3 f5 14. Bc5 Re8 15. Rad1 Bf8 16. Bxf8 Kxf8 17. N3d2 Nf6 18. Ne3 f4 19. Nec4 Nxc4 20. Nxc4 Be6 21. Nd2 Kg7 22. b3 Rad8 23. Nf3 Bg4 24. Rxd8 Rxd8 25. Nd2 fxg3 26. hxg3 Rf8 27. f3 Be6 28. Nf1 Qc8 29. Rd1 Rd8 30. Ne3 Nh5 31. Nf1 Rd7 32. Kf2 Qd8 33. Rxd7+ Qxd7 34. Qd2 Kf7 35. Qxd7+ Bxd7 36. Ne3 Be6 37. Bf1 Kf6 38. Bc4 Ng7 39. Bxe6 Kxe6 40. Nc4 b6 41. Nd2 Ne8 42. Ke3 Nf6 43. c4 Nd7 44. b4 Nb8 45. a3 Nd7 46. Nb3 b5 47. c5 h5 48. Na5 Nb8 49. f4 a6 50. Kf3 Kf6 51. Nb7 Nd7 52. Nd8 Nb8 53. Nb7 Nd7 54. Na5 Nb8 55. Nb3 Nd7 56. Nc1 Nf8 57. Nd3 Nd7 58. g4 exf4 59. gxh5 gxh5 60. Nxf4 Ne5+ 61. Kg3 Nc4 62. Nd3 Nxa3 63. Kf4 Nc4 64. Nf2 a5 65. bxa5 Nxa5 66. e5+ Ke6 67. Nd3 h4 68. Nb4 h3 69. Kg3 Kxe5 70. Kxh3 Kd4 71. Na6 Nb3 72. Kg4 Nxc5 73. Nb4 Nd3 74. Nxc6+ Kc5 75. Na5 b4 76. Nb3+ Kb5 77. Nd4+ Kc4 78. Nc6 Ne5+ 79. Nxe5+ Kc3 80. Nd7 Kd4 81. Nb6 Kc3 82. Nd5+ 1/2-1/2